000 00673pam a2200229 a 4500
001 1388765
005 20180308093031.0
008 820903s1983 coua b 001 0 eng
010 _a 82016444
020 _a0895531062 (pbk.) :
_c$40.00
020 _a0895531240 (hard)
040 _aDLC
_cDLC
_dDLC
041 _aeng
080 _a697.78 jon
082 0 0 _a697.78 jon
_219
100 _a42
101 _aart
245 0 0 _aPassive solar design handbook, volume 3 /
_cJ. Douglas Balcomb ... [et al.] ; Robert W. Jones (ed.).
504 _aIncludes bibliographical references and index.
906 _a7
_bcbc
_corignew
_d1
_eocip
_f19
_gy-gencatlg
942 _2ddc
_cBK
999 _c44514
_d44514